Souvenir : Martin Parr, fotografia i col·leccionisme / [direcció: Juan Pablo Wert Ortega ; coordinació: Marina Palà amb la col·laboració de Rosa Puig] Martin Parr, fotografia i col·leccionisme / [direcció:
MARC
| LEADER | 00000nam a2200000Ia 4500 | ||
|---|---|---|---|
| 001 | 23469 | ||
| 008 | 160829s2012 xx 000 0 cat d | ||
| 020 | |a 978-84-9803-491-2 | ||
| 080 | |a B-2-255 | ||
| 245 | |a Souvenir : |b Martin Parr, fotografia i col·leccionisme / [direcció: |b Juan Pablo Wert Ortega ; coordinació: |b Marina Palà amb la col·laboració de Rosa Puig] | ||
| 260 | |a Barcelona : |b CCCB, Centre de Cultura Contemporània de Barcelona, Direcció de Comunicació de la Diputació de Barcelona, |c 2012 | ||
| 300 | |a 173 p. : |b principalment fot. col. ; |c 24 cm | ||
| 590 | |a Text en català, castellà i anglès. | ||
| 590 | |a Catàleg de l'exposició celebrada entre el 29 de maig i el 21 d'octubre de 2012. | ||
| 650 | |a Parr, Martin |x Exposicions |9 43675 | ||
| 650 | |a Parr, Martin |x Col·leccions d'art |9 43676 | ||
| 650 | |a Parr, Martin |x Objectes col·leccionats |x Exposicions I |9 43677 | ||
| 650 | |a Fotografia |x Col·leccionistes i col·leccions |9 43678 | ||
| 700 | 1 | |a Palà, Marina |e editor |9 41454 | |
| 700 | 1 | |a Puig, Rosa M. |e coordinadora |9 44766 | |
| 700 | |a Wert Ortega, Juan Pablo, dir. |9 43680 |e director | ||
| 710 | 2 | |a Centre de Cultura Contemporània de Barcelona |9 52510 | |
| 710 | |a Barcelona (Catalunya : Província). |b Direcció de Comunicació |9 53855 | ||
| 901 | |a Arxiu | ||
| 942 | |n 1 |2 udc | ||
| 952 | |0 0 |1 0 |4 0 |6 B2255 |7 1 |9 51562 |a Arxiu |b Arxiu |d 2012-07-05 |l 0 |o B-2-255 |p 23469 |r 2016-12-01 00:00:00 |w 2016-12-01 |y ARXIU | ||
| 999 | |c 55407 |d 55407 | ||